[Event "Lazy Baltic Pearl op 13th"]
[Site "Lazy"]
[Date "2017.06.29"]
[Round "5"]
[White "Jedrocha, Katarzyna"]
[Black "Losinska, Aleksandra"]
[Result "1-0"]
[WhiteElo "1898"]
[BlackElo "1562"]
[PlyCount "37"]
[EventDate "2017.06.25"]
[EventType "swiss"]
[EventRounds "9"]
[EventCountry "POL"]
[SourceTitle "EXT 2018"]
[Source "ChessBase"]
[SourceDate "2017.10.13"]
[SourceVersion "1"]
[SourceVersionDate "2017.10.13"]
[SourceQuality "1"]

1. e4 c5 2. c3 d5 3. exd5 Qxd5 4. d4 cxd4 5. cxd4 Nc6 6. Nf3 Bg4 7. Be2 e6 8. 0-0 Nf6 9. Be3 Be7 10. Nc3 Qd7 11. Ne5 Bxe2 12. Qxe2 Nxe5 13. dxe5 Nd5 14. Rac1 Bb4 15. Nxd5 Qxd5 16. Rfd1 Qxe5 17. Qc4 Bd6 18. g3 g5 19. Bd4 1-0

[Event "Lazy Baltic Pearl op 13th"]
[Site "Lazy"]
[Date "2017.06.27"]
[Round "3"]
[White "Jedrocha, Katarzyna"]
[Black "Rejniak, Zuzanna"]
[Result "1-0"]
[WhiteElo "1898"]
[BlackElo "1632"]
[PlyCount "117"]
[EventDate "2017.06.25"]
[EventType "swiss"]
[EventRounds "9"]
[EventCountry "POL"]
[SourceTitle "EXT 2018"]
[Source "ChessBase"]
[SourceDate "2017.10.13"]
[SourceVersion "1"]
[SourceVersionDate "2017.10.13"]
[SourceQuality "1"]

1. e4 c5 2. c3 d5 3. exd5 Qxd5 4. d4 e6 5. Nf3 Nf6 6. Be2 Be7 7. 0-0 Nc6 8. Be3 cxd4 9. cxd4 0-0 10. Nc3 Qd8 11. a3 a6 12. Ne5 Nxe5 13. dxe5 Nd5 14. Nxd5 exd5 15. Rc1 b5 16. Bf3 Be6 17. Qd2 Qd7 18. Rfd1 Rfd8 19. Qa5 Rdc8 20. Rxc8+ Rxc8 21. Qxa6 d4 22. Rxd4 Qc7 23. Qxb5 Bc5 24. Rd1 Bxe3 25. fxe3 Rb8 26. Qd3 g6 27. Qd6 Qa7 28. Qd4 Qxd4 29. exd4 Rxb2 30. d5 Bd7 31. Rc1 Rb3 32. Rc7 Bf5 33. d6 Rxa3 34. d7 Bxd7 35. Rxd7 Ra2 36. Bd5 Ra1+ 37. Kf2 Ra5 38. Bxf7+ Kf8 39. e6 Ra2+ 40. Kf3 Ra3+ 41. Ke2 Ra2+ 42. Rd2 Ra5 43. g4 Ra4 44. Kf3 Ra3+ 45. Kf4 Ra5 46. Rd8+ Ke7 47. Rh8 g5+ 48. Kf3 Ra3+ 49. Ke4 Rh3 50. Ke5 Re3+ 51. Kf5 Rh3 52. Kxg5 Rxh2 53. Re8+ Kd6 54. Kf6 Rg2 55. Rd8+ Kc7 56. e7 Rf2+ 57. Kg7 Re2 58. e8Q Rxe8 59. Rxe8 1-0

[Event "POL-chT 2nd League"]
[Site "Jastrzebia Gora"]
[Date "2016.09.08"]
[Round "6.36"]
[White "Furtak, Joanna"]
[Black "Jedrocha, Katarzyna"]
[Result "0-1"]
[WhiteElo "1578"]
[BlackElo "1893"]
[PlyCount "40"]
[EventDate "2016.09.03"]
[EventType "team-swiss"]
[EventRounds "9"]
[EventCountry "POL"]
[SourceTitle "EXT 2017"]
[Source "ChessBase"]
[SourceDate "2016.10.25"]
[SourceVersion "1"]
[SourceVersionDate "2016.10.25"]
[SourceQuality "1"]
[WhiteTeam "Nowy Sacz Sandecja"]
[BlackTeam "Gostynin Gostmat 83"]
[WhiteTeamCountry "POL"]
[BlackTeamCountry "POL"]

1. d4 Nf6 2. Nc3 d5 3. Bg5 Nbd7 4. f3 c6 5. e4 dxe4 6. fxe4 Qb6 7. Rb1 e6 8. e5 Nd5 9. Bc4 Bb4 10. Nge2 h6 11. Bd2 0-0 12. Ne4 Ne3 13. Qc1 Nxc4 14. c3 Nxd2 15. Qxd2 Be7 16. Qf4 f6 17. Qg3 fxe5 18. dxe5 Qa5 19. Rf1 Rxf1+ 20. Kxf1 Qxe5 0-1

[Event "POL-chT 2nd League"]
[Site "Jastrzebia Gora"]
[Date "2016.09.05"]
[Round "3.18"]
[White "Jedrocha, Katarzyna"]
[Black "Sliwicka, Alicja"]
[Result "1/2-1/2"]
[WhiteElo "1893"]
[BlackElo "2092"]
[PlyCount "87"]
[EventDate "2016.09.03"]
[EventType "team-swiss"]
[EventRounds "9"]
[EventCountry "POL"]
[SourceTitle "EXT 2017"]
[Source "ChessBase"]
[SourceDate "2016.10.25"]
[SourceVersion "1"]
[SourceVersionDate "2016.10.25"]
[SourceQuality "1"]
[WhiteTeam "Gostynin Gostmat 83"]
[BlackTeam "Lodz Okucia Budowlane"]
[WhiteTeamCountry "POL"]
[BlackTeamCountry "POL"]

1. d4 Nf6 2. g3 g6 3. Bg2 d5 4. Nf3 Bg7 5. 0-0 0-0 6. c4 c6 7. Nc3 Ne4 8. cxd5 Nxc3 9. bxc3 cxd5 10. e3 Nc6 11. Qe2 Qa5 12. Bd2 Qa4 13. Rfb1 Rd8 14. Bf1 e5 15. Rb3 e4 16. Ne1 a6 17. Bc1 Bf8 18. Rb6 Na5 19. Qc2 Qe8 20. c4 Nxc4 21. Bxc4 dxc4 22. Qxc4 Be6 23. Qe2 Bd5 24. Ng2 Qa4 25. Bd2 Bd6 26. Qe1 Bc7 27. Rb4 Qd7 28. a4 Rac8 29. Rb2 Bc6 30. Ba5 Bxa5 31. Qxa5 Qg4 32. Nf4 h6 33. Qe1 g5 34. Qe2 Qd7 35. Nh5 Qe6 36. Rb6 Rd6 37. Rc1 Rcd8 38. Rc5 f5 39. Re5 Qf7 40. g4 f4 41. Rf5 f3 42. Qc2 Qe7 43. Qc4+ Bd5 44. Qc5 1/2-1/2

[Event "POL-chT 2nd League"]
[Site "Jastrzebia Gora"]
[Date "2016.09.04"]
[Round "2.12"]
[White "Kantane, Anna"]
[Black "Jedrocha, Katarzyna"]
[Result "1-0"]
[WhiteElo "2248"]
[BlackElo "1893"]
[PlyCount "91"]
[EventDate "2016.09.03"]
[EventType "team-swiss"]
[EventRounds "9"]
[EventCountry "POL"]
[SourceTitle "EXT 2017"]
[Source "ChessBase"]
[SourceDate "2016.10.25"]
[SourceVersion "1"]
[SourceVersionDate "2016.10.25"]
[SourceQuality "1"]
[WhiteTeam "Kopernik WKS"]
[BlackTeam "Gostynin Gostmat 83"]
[WhiteTeamCountry "POL"]
[BlackTeamCountry "POL"]

1. e4 c5 2. Nf3 d6 3. d4 cxd4 4. Nxd4 Nf6 5. Nc3 a6 6. Bg5 Nbd7 7. f4 Qc7 8. Qf3 b5 9. 0-0-0 Bb7 10. Bd3 g6 11. Nd5 Nxd5 12. exd5 Bg7 13. Nc6 Nf6 14. Rhe1 e6 15. f5 0-0 16. fxe6 Nxd5 17. e7 Rfe8 18. Be4 Bxc6 19. Bxd5 Bxd5 20. Rxd5 Rac8 21. Re2 h6 22. Bf4 Qc4 23. b3 Qb4 24. Bxd6 Qa5 25. a3 Rc3 26. Bb4 Rxf3 27. Bxa5 Rf1+ 28. Kd2 f5 29. Rd6 Kf7 30. Bd8 Bf6 31. Rxa6 Rf4 32. Ree6 Bg5 33. Kd3 Rf2 34. Rxg6 Rd2+ 35. Kc3 Rxg2 36. Rgd6 Rxh2 37. Rd5 f4 38. Rxb5 Rh3+ 39. Kd4 Re3 40. Rf5+ Kg7 41. b4 Bxe7 42. Bxe7 R8xe7 43. Rxf4 Rh3 44. c4 h5 45. b5 Rh1 46. b6 1-0